000 01223nam a2200325 a 4500
001 000114912
003 CHAP
005 20251127090246.0
008 180806s2017 mx |s ||||||spa d
010 _a111373
011 _a112345
040 _cCHAP
090 _aCD-484
245 0 0 _aCalidad del café en México
_h[Disco compacto]
_ccoordinado por José Domingo Robledo Martínez y Salvador Díaz Cárdenas.
260 _aHuatusco, Ver. :
_bCENACAFE :
_bUACH :
_bSAGARPA,
_c[2017].
300 _a1 DVD ;
_c4 3/4 plg.
490 _aEstratégias de innovación y desarrollo tecnológico en la cafeticultura mexicana
_v1
590 _aE11695DGD
_b10
_c20190503
_lUCH01
_h1107
590 _aE5765TAJ
_b05
_c20180806
_lUCH01
_h0850
650 1 4 _aCafé
_xCalidad.
_917114
650 1 4 _aCafé
_xMercadeo.
_917169
650 1 4 _aCafeticultores
_xDesarrollo sustentable.
_9133420
650 1 4 _aDesarrollo sustentable
_xAspectos ambientales.
_9131313
700 1 _aDíaz Cárdenas, Salvador
_ecoord.
_933418
700 0 _aRobledo Martínez, José Domingo
_ecoord.
_998036
830 0 _aEstratégias de innovación y desarrollo tecnológico en la cafeticultura mexicana
_v1
_9135308
901 _aBK
942 _cDVD
942 _n0
999 _c111373
_d111373